000 00489nam a2200181 a 4500
005 20140414131957.0
008 090126s19uu xx 00 eng d
050 _aTR 599
_bP54 2006
100 _aPhillips, Dee, 1967-
245 _aMy first book of mammals /
_cby Dee Phillips.
260 _aMinnetonka, MN :
_bTwo-Can Pub.,
_cc2006.
300 _a96 p. : col. ill. ; 29 cm.
500 _aIncludes index.
520 _a
650 _aMammals
_x
650 _a
_x
999 _c112964
_d112964